Music in American life /

Bibliographic Details
Main Author: Barzun, Jacques, 1907-2012
Format: Book
Language:English
Published: Garden City, N. Y. : Doubleday, 1956.
Edition:[1st ed.].
Subjects:

MARC

Tag First Indicator Second Indicator Subfields
LEADER 00000cam a2200000 4500
001 in00000028376
005 20151007061419.0
008 740422s1956 nyu 00000 eng u
010 |a  56007651  
035 |a (OCoLC)00862887 
035 |9 AAD2019AM 
040 |c KSU  |d TXA  |d UtOrBLW 
049 |a TXAM  |c [267830] 
050 0 0 |a ML200.5  |b .B3 
092 |a 780.973  |b B296m 
100 1 |a Barzun, Jacques,  |d 1907-2012. 
245 1 0 |a Music in American life /  |c With a foreword by Edward N. Waters. 
250 |a [1st ed.]. 
264 1 |a Garden City, N. Y. :  |b Doubleday,  |c 1956. 
300 |a 126p. ;  |c 22 cm. 
336 |a text  |b txt  |2 rdacontent 
337 |a unmediated  |b n  |2 rdamedia 
338 |a volume  |b nc  |2 rdacarrier 
650 0 |a Music  |z United States. 
999 |a MARS 
999 f f |s 419cd314-36a1-38a3-a53f-4f1e5d563704  |i b45a47e3-d9dc-3c47-b9d8-40cc6ae45cc2  |t 0 
952 f f |p ric  |a Texas A&M University  |b Rellis Campus  |c Joint Library Facility  |d Remote Storage  |t 0  |e ML200.5 .B3  |h Library of Congress classification  |i unmediated -- volume  |m A14801169040 
998 f f |a ML200.5 .B3  |t 0  |l Remote Storage